| 000 | 00944nam a2200265Ia 4500 | ||
|---|---|---|---|
| 008 | 130821s1947 mx gr spa | ||
| 040 |
_aCo-BoUCM _bspa |
||
| 041 | 0 | 0 | _aspa |
| 100 | 1 |
_aPirenne, Henri _938134 |
|
| 245 | 1 | 0 |
_aHistoria económica y social de la Edad Media _cHenri Pirenne ; traducción de Salvador Echavarría |
| 250 | _a4a ed. | ||
| 260 |
_aMéxico D.F. (México) _bFondo de Cultura Económica _c1947 |
||
| 300 | _a272 páginas | ||
| 500 | _aDonación Dr. Álvaro Daza Roa. | ||
| 504 | _aIncluye índice general. | ||
| 650 |
_aBienestar social _910081 |
||
| 650 |
_aComercio _xEconomía _yEdad Media _911192 |
||
| 650 |
_aEconomía _9174 |
||
| 650 |
_aHistoria económica _yEdad Media _9173 |
||
| 650 |
_aHistoria universal _916951 |
||
| 700 | 1 |
_aPirenne, Henri _938134 |
|
| 765 | 0 | _tHistoire Economique et sociale du Moyen-Age | |
| 942 |
_cLIBRO _a7 _e4 _mP47h _2DEWEY _h330.9 |
||
| 999 |
_c73741 _d73741 |
||